[Event "GER-ch Seniors Gp-B 19th"]
[Site "Templin"]
[Date "2007.08.30"]
[Round "8"]
[White "Malik, Rosemarie"]
[Black "Preussner, Wolfgang"]
[Result "1/2-1/2"]
[WhiteElo "1367"]
[BlackElo "1223"]
[PlyCount "76"]
[EventDate "2007.08.23"]
[EventType "swiss"]
[EventRounds "9"]
[EventCountry "GER"]
[SourceTitle "EXT 2022"]
[Source "ChessBase"]
[SourceDate "2021.10.06"]
[SourceVersion "1"]
[SourceVersionDate "2021.10.06"]
[SourceQuality "1"]

1. e4 d5 2. exd5 Qxd5 3. Nc3 Qa5 4. d4 c6 5. Nf3 Nf6 6. Bd3 Bg4 7. 0-0 e6 8. Be3 Be7 9. h3 Bf5 10. Ne5 Bxd3 11. Nxd3 Nbd7 12. Qf3 0-0 13. a3 Bd6 14. b4 Qc7 15. Rae1 a6 16. Bf4 Bxf4 17. Qxf4 Qxf4 18. Nxf4 Rfe8 19. Nd3 Re7 20. Re3 Nd5 21. Nxd5 cxd5 22. Nb2 b5 23. Rfe1 Rc8 24. c3 Nb6 25. Rg3 Rec7 26. Ree3 Nc4 27. Nxc4 Rxc4 28. f4 R4c6 29. h4 h6 30. h5 Kh7 31. Rgf3 g6 32. g4 gxh5 33. gxh5 Rg8+ 34. Rg3 Rxg3+ 35. Rxg3 Rc8 36. Kf2 Rg8 37. Rxg8 Kxg8 38. Kg3 f5 1/2-1/2

[Event "GER-ch Seniors Gp-B 19th"]
[Site "Templin"]
[Date "2007.08.27"]
[Round "5"]
[White "Ludwig, Siegfried"]
[Black "Preussner, Wolfgang"]
[Result "1-0"]
[WhiteElo "1404"]
[BlackElo "1223"]
[PlyCount "57"]
[EventDate "2007.08.23"]
[EventType "swiss"]
[EventRounds "9"]
[EventCountry "GER"]
[SourceTitle "EXT 2022"]
[Source "ChessBase"]
[SourceDate "2021.10.06"]
[SourceVersion "1"]
[SourceVersionDate "2021.10.06"]
[SourceQuality "1"]

1. e4 d5 2. exd5 Qxd5 3. Nc3 Qa5 4. Nf3 Bg4 5. Be2 Nf6 6. 0-0 e6 7. d3 c6 8. Bd2 Qd8 9. Ne5 Bxe2 10. Qxe2 Nbd7 11. Bg5 h6 12. Bh4 g5 13. Bg3 h5 14. h3 h4 15. Bh2 Qe7 16. a3 0-0-0 17. f4 Qc5+ 18. Kh1 Nxe5 19. fxe5 Nd5 20. Ne4 Qe7 21. Nd6+ Kb8 22. Rxf7 Rxd6 23. Rxe7 Rd8 24. Rxe6 Nc7 25. Rg6 Be7 26. e6 Bd6 27. e7 Rd7 28. Bxd6 Kc8 29. Bxc7 1-0

[Event "GER-ch Seniors Gp-B 19th"]
[Site "Templin"]
[Date "2007.08.26"]
[Round "4"]
[White "Preussner, Wolfgang"]
[Black "Kirchner, Holger"]
[Result "1-0"]
[WhiteElo "1223"]
[BlackElo "1114"]
[PlyCount "81"]
[EventDate "2007.08.23"]
[EventType "swiss"]
[EventRounds "9"]
[EventCountry "GER"]
[SourceTitle "EXT 2022"]
[Source "ChessBase"]
[SourceDate "2021.10.06"]
[SourceVersion "1"]
[SourceVersionDate "2021.10.06"]
[SourceQuality "1"]

1. Nf3 Nf6 2. d4 e6 3. c4 Bb4+ 4. Bd2 Bxd2+ 5. Nfxd2 Nc6 6. Nf3 d6 7. Nc3 Bd7 8. e4 e5 9. d5 Ne7 10. Bd3 c5 11. 0-0 0-0 12. b3 Ng6 13. g3 h6 14. a3 a6 15. b4 cxb4 16. axb4 Bh3 17. Re1 Rc8 18. Nd2 h5 19. Bf1 Qd7 20. Qa4 Qxa4 21. Rxa4 Bxf1 22. Nxf1 Rxc4 23. Re3 Rfc8 24. Nd1 Rxe4 25. Rxe4 Nxe4 26. b5 Nc5 27. Rb4 Ne7 28. Nde3 axb5 29. Rxb5 f5 30. f4 exf4 31. gxf4 Ng6 32. Nxf5 Rd8 33. Rb6 Nxf4 34. N1e3 Ne2+ 35. Kg2 Nf4+ 36. Kf1 Ng6 37. Nxd6 Rf8+ 38. Kg1 Rb8 39. Nxb7 Rxb7 40. Rxg6 Rd7 41. Rg5 1-0

[Event "Berlin-ch Seniors op 23rd"]
[Site "Berlin"]
[Date "2007.02.12"]
[Round "8"]
[White "Gestrich, Wolfgang"]
[Black "Preussner, Wolfgang"]
[Result "1-0"]
[WhiteElo "1547"]
[BlackElo "1252"]
[PlyCount "42"]
[EventDate "2007.02.05"]
[EventType "swiss"]
[EventRounds "9"]
[EventCountry "GER"]
[SourceTitle "EXT 2022"]
[Source "ChessBase"]
[SourceDate "2021.10.06"]
[SourceVersion "1"]
[SourceVersionDate "2021.10.06"]
[SourceQuality "1"]

1. c4 f5 2. g3 e5 3. d4 e4 4. e3 Nf6 5. h3 Bb4+ 6. Bd2 Bxd2+ 7. Nxd2 b6 8. b4 Bb7 9. a3 0-0 10. Bg2 d5 11. Bf1 c6 12. Be2 Ba6 13. b5 Bb7 14. a4 Nbd7 15. h4 dxc4 16. Bxc4+ Kh8 17. Nh3 c5 18. Nb3 Ng4 19. Nf4 Rf6 20. dxc5 bxc5 21. Ra2 Qa5+ 1-0

[Event "Berlin-ch Seniors op 23rd"]
[Site "Berlin"]
[Date "2007.02.05"]
[Round "1"]
[White "Schick, Albert"]
[Black "Preussner, Wolfgang"]
[Result "1-0"]
[WhiteElo "1711"]
[BlackElo "1252"]
[PlyCount "77"]
[EventDate "2007.02.05"]
[EventType "swiss"]
[EventRounds "9"]
[EventCountry "GER"]
[SourceTitle "EXT 2022"]
[Source "ChessBase"]
[SourceDate "2021.10.06"]
[SourceVersion "1"]
[SourceVersionDate "2021.10.06"]
[SourceQuality "1"]

1. e4 d5 2. e5 Nc6 3. d4 e6 4. f4 Nge7 5. c3 Nf5 6. Nf3 g6 7. Bd3 Ng7 8. Be3 Be7 9. Nbd2 0-0 10. Nf1 Bd7 11. g4 Bh4+ 12. Ng3 Be7 13. h4 f5 14. g5 Be8 15. Nd2 b6 16. Be2 Bf7 17. h5 Kh8 18. hxg6 Bxg6 19. Rh6 Rg8 20. Qa4 Qe8 21. Bb5 Qf7 22. Bxc6 Raf8 23. Nf3 Nh5 24. Ne2 a5 25. Kd2 Qg7 26. Rh1 Qf7 27. Bd7 Rg7 28. Qc6 Qg8 29. Bxe6 Bf7 30. Bxf7 Qxf7 31. R1xh5 Rfg8 32. e6 Qf8 33. Qxd5 Bd6 34. Ne5 Re7 35. g6 Rgg7 36. Nf7+ Rexf7 37. exf7 Rxf7 38. Rxh7+ Rxh7 39. Rxh7# 1-0